000 00894nam a2200241Ia 4500
003 OSt
005 20220923221627.0
006 a|||||r|||| 00| 0
007 ta
008 220922b |||||||| |||| 00| 0 hin d
024 _a198,774
037 _cTextual
040 _aARTS
_cARTS
_bhin
041 _2hin
_ahin
082 _aP152:795, M2
100 _aतिवारी, भोला नाथ; गाबा, ओम प्रकाश
_9165533
245 0 _aअनुवाद की व्यावहारिक समस्याएॅं
246 _aAnuvād kī vyāvahārik samasyāeॅan
260 _aदिल्ली
_b शब्दाकार प्रकाशन
_c1982
300 _a125पृ.
_ccm.
942 _hP152:795, M2
_cTEXL
_2CC
999 _c350583
_d350583